000 00971nab a2200205 i 4500
001 768714001
003 CO-MdFUSB
005 20240426084457.0
008 240426t1984 us ||||| |||| 00| 0 eng d
040 _bspa
_cCO-MdFUSB
_dCO-MdFUSB
041 _aeng
100 _aShelley, Marshall
_eautor
245 _aWhat's a body to do?
_c/ Marshall Shelley
300 _aVolumen 5, número 1 (winter, 1984), páginas: 38 - 45
_c; 27 cm
520 _aTodo líder lucha con las preguntas: ¿Qué debería hacer nuestra iglesia? ¿Cómo deberían tomar forma en nuestro entorno los propósitos bíblicos para una iglesia? ¿Cuál es el llamado específico de nuestra iglesia específica? Aquí hay algunos factores a considerar.
546 _aTexto en inglés.
650 7 _aTeología pastoral y unidad cristiana
_97183
773 0 _068780
_982551
_oR2485
_tLeadership :
_w(CO-MdFUSB)768714001
_gVolumen 5, número 1 (winter, 1984), páginas: 38 - 45
_qpágina: 38
942 _cANA
999 _c69398
_d69398